000 00628nam a2200193 4500
001 116109
003 ES-MaACL
005 20250907063103.0
007 t|
008 061121s1906 fr r ||||1| fre d
100 1 _aParis, Gaston,
_d1839-1903
_989136
245 1 0 _aMélanges linguistiques /
_cGaston Paris ; publiés par Mario Roques.
260 _aParis :
_b[Honore Champion],
_c1906.
300 _a2 t. en 1 v. ;
_c24 cm.
505 8 _aContiene: T. I. Latin vulgarize et langues romanes. - T. II. Langue Française
700 1 _aRoques, Mario.
_999553
852 _aES-MaACL
_jB-1355
999 _c116109
_d116109